000
00277nam a2200097Ia 4500
008
240331s9999 xx 000 0 und d
082
_b
DAL
100
_a
Dalmia,V
245
0
_a
Orienting India :
_b
European knowledge formation in the Eighteenth and Nineteenth Centuries
942
_c
L
999
_c
5675
_d
5675